000 00259nam a22001217a 4500
008 180806b xxu||||| |||| 00| 0 eng d
082 _a813.52
245 _aDiscover
_cThomson
260 _c2006
300 _a4
_fCD
440 _x1418029599
942 _2ddc
_cMX
999 _c46794
_d46794